[Event "Rheinhausen-ch 13th"]
[Site "Duisburg Rheinhausen"]
[Date "2009.02.27"]
[Round "5"]
[White "Burike, Christian"]
[Black "Bemba, Ralph"]
[Result "1/2-1/2"]
[WhiteElo "1473"]
[BlackElo "1692"]
[PlyCount "68"]
[EventDate "2009.01.09"]
[EventType "swiss"]
[EventRounds "7"]
[EventCountry "GER"]
[SourceTitle "EXT 2018"]
[Source "ChessBase"]
[SourceDate "2017.10.13"]
[SourceVersion "1"]
[SourceVersionDate "2017.10.13"]
[SourceQuality "1"]

1. d4 c5 2. e3 cxd4 3. exd4 d5 4. Nf3 Nf6 5. Bd3 Bg4 6. 0-0 e6 7. c3 Bd6 8. Nbd2 Nc6 9. Re1 Rc8 10. Qb3 Qc7 11. h3 Bh5 12. g4 Bg6 13. Bxg6 hxg6 14. Kg2 Ke7 15. Ng1 Rh7 16. Ndf3 Ne4 17. Ng5 Nxg5 18. Bxg5+ Kd7 19. Rad1 f6 20. Bc1 Ne7 21. Qa4+ Nc6 22. Re2 Ke7 23. Rde1 Nd8 24. Qxa7 Kf7 25. Qa4 Rh8 26. Qb5 Re8 27. Nf3 Ra8 28. a3 g5 29. Bxg5 Ra5 30. Qd3 fxg5 31. Nxg5+ Kf6 32. Nh7+ Kf7 33. Ng5+ Kf6 34. Nh7+ Kf7 1/2-1/2

[Event "Rheinhausen-ch 11th"]
[Site "Duisburg Rheinhausen"]
[Date "2007.03.30"]
[Round "7"]
[White "Bemba, Ralph"]
[Black "Bluemer, Timo"]
[Result "0-1"]
[WhiteElo "1679"]
[BlackElo "1755"]
[PlyCount "112"]
[EventDate "2007.01.12"]
[EventType "swiss"]
[EventRounds "7"]
[EventCountry "GER"]
[SourceTitle "EXT 2018"]
[Source "ChessBase"]
[SourceDate "2017.10.13"]
[SourceVersion "1"]
[SourceVersionDate "2017.10.13"]
[SourceQuality "1"]

1. d4 Nf6 2. Nf3 e6 3. e3 b6 4. Bd3 Bb7 5. Nbd2 d5 6. 0-0 Bd6 7. Re1 0-0 8. e4 dxe4 9. Nxe4 Nxe4 10. Bxe4 Bxe4 11. Rxe4 c5 12. Be3 Qc7 13. Rh4 Be7 14. Rh3 Nd7 15. dxc5 Bxc5 16. Bg5 h6 17. Bh4 Ne5 18. Qe2 Ng6 19. Bg3 Nf4 20. Bxf4 Qxf4 21. Rd1 Rad8 22. Nd2 Qa4 23. Nb3 Qxa2 24. Nxc5 Rxd1+ 25. Qxd1 bxc5 26. Rb3 Qa5 27. Rd3 Qb4 28. b3 a5 29. g3 a4 30. bxa4 Qxa4 31. Qd2 Rb8 32. Rd7 Qc6 33. Qd1 Qe4 34. f3 Qe5 35. Kf2 Ra8 36. Qd3 g6 37. Qd6 Qc3 38. Qd3 Qxd3 39. Rxd3 Ra7 40. Ke3 Kf8 41. Kd2 Ke7 42. Kc3 Ra3+ 43. Kc4 Rxd3 44. cxd3 Kd6 45. d4 cxd4 46. Kxd4 e5+ 47. Kc4 f5 48. Kd3 Kd5 49. Ke3 e4 50. fxe4+ fxe4 51. Kd2 Kd4 52. Ke2 g5 53. Kd2 g4 54. Ke2 e3 55. Kd1 Kd3 56. Ke1 e2 0-1

[Event "Rheinhausen-ch 11th"]
[Site "Duisburg Rheinhausen"]
[Date "2007.02.09"]
[Round "3"]
[White "Kukuk, Christian"]
[Black "Bemba, Ralph"]
[Result "1-0"]
[WhiteElo "1894"]
[BlackElo "1679"]
[PlyCount "83"]
[EventDate "2007.01.12"]
[EventType "swiss"]
[EventRounds "7"]
[EventCountry "GER"]
[SourceTitle "EXT 2018"]
[Source "ChessBase"]
[SourceDate "2017.10.13"]
[SourceVersion "1"]
[SourceVersionDate "2017.10.13"]
[SourceQuality "1"]

1. Nf3 d5 2. g3 Nc6 3. d4 Nf6 4. Bg2 Bg4 5. 0-0 Qc8 6. c4 Bh3 7. cxd5 Bxg2 8. Kxg2 Nxd5 9. e4 Nb6 10. Nc3 e6 11. d5 Nd8 12. Bf4 Bd6 13. e5 Be7 14. d6 cxd6 15. exd6 Bf6 16. Rc1 Bxc3 17. Rxc3 Nc6 18. Ne5 Nd7 19. Qg4 0-0 20. Nxc6 bxc6 21. Bh6 g6 22. Bxf8 Qxf8 23. Rd1 Rd8 24. Qa4 Nf6 25. Rxc6 Nd5 26. Qa3 Kg7 27. Rdc1 a5 28. Qxa5 Rxd6 29. Qc5 Rxc6 30. Qxf8+ Kxf8 31. Rxc6 Ke7 32. Ra6 Kd7 33. Ra7+ Nc7 34. Kf3 h6 35. Ke4 f6 36. Kd4 Kc6 37. Rxc7+ Kxc7 38. Kc5 h5 39. b4 g5 40. a4 f5 41. b5 g4 42. b6+ 1-0

[Event "Dortmund op-B"]
[Site "Dortmund"]
[Date "2005.07.10"]
[Round "3"]
[White "Bemba, Ralph"]
[Black "Gohlke, Philipp"]
[Result "1-0"]
[WhiteElo "1607"]
[BlackElo "1233"]
[PlyCount "57"]
[EventDate "2005.07.08"]
[EventType "swiss"]
[EventRounds "9"]
[EventCountry "GER"]
[SourceTitle "CBM 107 Extra"]
[Source "ChessBase"]
[SourceDate "2005.09.01"]
[SourceVersion "1"]
[SourceVersionDate "2005.09.01"]
[SourceQuality "1"]

1. e4 e6 2. d4 d5 3. exd5 exd5 4. Bd3 c6 5. Nc3 Bd6 6. Nge2 Nf6 7. Be3 0-0 8. Qd2 b6 9. a3 Qc7 10. Ng3 Nbd7 11. Nf5 Re8 12. 0-0-0 b5 13. Bxb5 Rb8 14. Nxd6 Qxd6 15. Bf4 Qe7 16. Bxb8 Nxb8 17. Ba4 Qd6 18. h3 Nbd7 19. Rhe1 Rd8 20. Re3 Nb6 21. Bb3 a5 22. Qe2 Be6 23. g4 Qf4 24. Kb1 Qd6 25. g5 Nfd7 26. h4 Rb8 27. Ka1 Nf8 28. h5 Qb4 29. Rg3 1-0

[Event "Dortmund op-B"]
[Site "Dortmund"]
[Date "2005.07.08"]
[Round "1"]
[White "Bemba, Ralph"]
[Black "Huemmecke, Aaron"]
[Result "1-0"]
[WhiteElo "1607"]
[BlackElo "887"]
[PlyCount "71"]
[EventDate "2005.07.08"]
[EventType "swiss"]
[EventRounds "9"]
[EventCountry "GER"]
[SourceTitle "CBM 107 Extra"]
[Source "ChessBase"]
[SourceDate "2005.09.01"]
[SourceVersion "1"]
[SourceVersionDate "2005.09.01"]
[SourceQuality "1"]

1. e4 e5 2. Nf3 Nc6 3. d4 exd4 4. Nxd4 Qf6 5. Be3 Bc5 6. c3 d6 7. Be2 Nge7 8. Qd2 b6 9. Nb5 Kd8 10. Bxc5 bxc5 11. 0-0 Qg6 12. f3 Bh3 13. Bd3 Ne5 14. Rf2 c4 15. Bf1 Rb8 16. N1a3 Nd3 17. Bxd3 cxd3 18. Qxd3 Qg5 19. f4 Qg4 20. Qxh3 Qg6 21. Qe3 Kd7 22. Rd2 Qe6 23. Qd3 d5 24. c4 Qh6 25. Nc3 Rhd8 26. Rf1 Kc6 27. cxd5+ Kb7 28. Qc4 c6 29. Qb4+ Ka8 30. Qxe7 Re8 31. Qc5 Rb7 32. d6 a5 33. Qxc6 Rd8 34. Nab5 Rdb8 35. Nc7+ Ka7 36. Qa6# 1-0

[Event "Nettetal Chessgate op"]
[Site "Nettetal"]
[Date "2004.08.11"]
[Round "5"]
[White "Bemba, Ralph"]
[Black "Gross, Karl"]
[Result "0-1"]
[WhiteElo "1667"]
[BlackElo "1984"]
[PlyCount "98"]
[EventDate "2004.08.07"]
[EventType "swiss"]
[EventRounds "9"]
[EventCountry "GER"]
[SourceTitle "EXT 2006"]
[Source "ChessBase"]
[SourceDate "2005.11.24"]
[SourceVersion "1"]
[SourceVersionDate "2005.11.24"]
[SourceQuality "1"]

1. e4 c5 2. Nf3 e6 3. d4 cxd4 4. Nxd4 Bc5 5. Nb3 Bb6 6. Bd3 Ne7 7. Nc3 0-0 8. Bg5 Nbc6 9. 0-0 Qc7 10. Na4 f5 11. Nxb6 Qxb6 12. exf5 Nxf5 13. Bxf5 Rxf5 14. Qd2 d5 15. c3 Ne5 16. Nd4 Nc4 17. Qc1 Rf7 18. b3 Nd6 19. Qe1 Bd7 20. Be3 Qa6 21. a4 e5 22. Nc2 Nf5 23. Qd2 Qg6 24. Ne1 Bc6 25. f3 Nh4 26. Rf2 Raf8 27. Bc5 Re8 28. Qd3 e4 29. fxe4 Rxe4 30. Qg3 Qxg3 31. hxg3 Nf5 32. Nf3 Nxg3 33. Ng5 Ne2+ 34. Kf1 Rxf2+ 35. Kxf2 Nxc3 36. Rc1 Rf4+ 37. Nf3 Ne4+ 38. Ke3 Nxc5 39. Rxc5 Re4+ 40. Kd3 Rg4 41. a5 a6 42. Ne5 Bb5+ 43. Kc3 Rg3+ 44. Kb4 h5 45. Rxd5 Rxg2 46. Rd4 g5 47. Rd6 h4 48. Kc5 h3 49. Rd1 Be2 0-1

[Event "Nettetal Chessgate op"]
[Site "Nettetal"]
[Date "2004.08.10"]
[Round "4"]
[White "Ruetten, Ingmar"]
[Black "Bemba, Ralph"]
[Result "0-1"]
[WhiteElo "1815"]
[BlackElo "1667"]
[PlyCount "91"]
[EventDate "2004.08.07"]
[EventType "swiss"]
[EventRounds "9"]
[EventCountry "GER"]
[SourceTitle "EXT 2006"]
[Source "ChessBase"]
[SourceDate "2005.11.24"]
[SourceVersion "1"]
[SourceVersionDate "2005.11.24"]
[SourceQuality "1"]

1. Nf3 Nf6 2. c4 e6 3. Nc3 Be7 4. d4 d5 5. Bg5 0-0 6. e3 Nc6 7. Qc2 Nb4 8. Qb3 c6 9. Bxf6 gxf6 10. a3 dxc4 11. Bxc4 Nd5 12. 0-0 Kg7 13. Rac1 Rb8 14. Rfd1 f5 15. Ne5 Bd6 16. e4 Ne7 17. Ne2 Qc7 18. Qg3+ Ng6 19. f4 f6 20. Nxg6 hxg6 21. exf5 exf5 22. h4 Rh8 23. Kf2 Bd7 24. Rh1 Rh5 25. Qf3 Rbh8 26. g3 Re8 27. Ba2 Be6 28. Bxe6 Rxe6 29. Kg2 Qe7 30. Rce1 Re3 31. Qf2 Qe4+ 32. Kh3 Qd3 33. Nc3 Rf3 34. Rd1 Rxf2 35. Rxd3 Rxb2 36. d5 g5 37. g4 Rxh4+ 38. Kg3 Bxf4+ 39. Kf3 fxg4+ 40. Ke4 Rxh1 41. d6 Rh8 42. d7 Bc7 43. Nd1 Re2+ 44. Kf5 Re5+ 45. Kxg4 Rh4+ 46. Kf3 0-1